000 01094nam a2200337 i 4500
003 EG-GICUC
005 20260121101157.0
008 251109s1930 fr ||||f |||| 000 0 fre d
040 _aEG-GiCUC
_bfre
_cEG-GiCUC
_dEG-GiCUC
_eRda
041 0 _afre
082 0 4 _221
_a338
_bPE . P
092 0 4 _221
099 _aLaw1 13 338 PE . P 1930
100 1 _aCapitant, Henri
_eAuteur
245 1 0 _aPrécis De Législation Industrielle \
_cHenri Capitant, Paul Cuche.
250 _aDeuxième Édition
264 _aParis :
_bLibrairie Dalloz,
_c1930.
300 _a490 page :
_c 20 cm.
_billustration ;
336 _2rda contenu
_a texte
337 _2rda medias
_aOrdinateur
338 _2 transporteur rda
_a Ressource en ligne
490 _aPetits Précis Dalloz
504 _aBibliography: pages 200-250. 240-220
546 _aTexte en français
650 1 _aFinances publiques et législation fiscale
_2qrmak
651 1 _2qrmak
700 1 _aCuche, Paul
_eCo-Auteur
856 4 0 _uhttps://fll.law.cu.edu.eg/fulltext/bks/B13-05427.pdf
905 _a70
942 _2ddc
_cBK
_e21
_n0
999 _c41789
_d41789